00349nam a2200109Ia 4500008004100000041000800041082001600049100001800065245007500083260007000158300001100228231228s2010 xx 000 0 und d aeng a951.06bBAH aBAHL (Raghav) aSuper Power?: The Amazing Race between Chinas Hare and Indias Tortoise aNew DelhibPenguin Books India Pvt. Ltd. New Delhi , Londonc2010 av, 242